000
00185nam a2200073Ia 4500
008
170617s9999 xx 000 0 und d
100
_a
Koontz-H/Weihrich-H
245
0
_a
Essentials of Management
260
_b
British Govt
999
_c
14795
_d
14795